[Event "Mittelfranken Landesliga Sued 2122"]
[Site "Mittelfranken"]
[Date "2022.06.26"]
[Round "3.2"]
[White "Golder, Waldemar"]
[Black "Lapcevic, Milos"]
[Result "0-1"]
[WhiteElo "2032"]
[BlackElo "2350"]
[PlyCount "78"]
[EventDate "2021.10.24"]
[EventType "team-tourn"]
[EventRounds "9"]
[EventCountry "GER"]
[SourceTitle "EXT 2024"]
[Source "ChessBase"]
[SourceDate "2023.10.10"]
[SourceVersion "1"]
[SourceVersionDate "2023.10.10"]
[SourceQuality "1"]
[WhiteTeam "Groebenzell II"]
[BlackTeam "Muenchen SC II"]
[WhiteTeamCountry "GER"]
[BlackTeamCountry "GER"]

1. Nf3 c5 2. c4 Nf6 3. Nc3 e6 4. g3 b6 5. Bg2 Bb7 6. 0-0 Be7 7. b3 0-0 8. Bb2 d6 9. d4 cxd4 10. Qxd4 a6 11. Rfd1 Qc7 12. Rac1 Nbd7 13. e4 Rfd8 14. Ne1 Rac8 15. Nd3 Bf8 16. h3 Qb8 17. Qe3 Qa8 18. Rd2 h6 19. f4 b5 20. cxb5 axb5 21. b4 Qa6 22. e5 Ne8 23. Bxb7 Qxb7 24. Ne4 Rxc1+ 25. Bxc1 Nb6 26. Qf3 Qa8 27. exd6 Nxd6 28. Ndc5 Nbc4 29. Re2 Nf5 30. Re1 Nd4 31. Qg2 f5 32. Nc3 Bxc5 33. bxc5 Nf3+ 34. Kf1 Nxe1 35. Qxa8 Rxa8 36. Kxe1 b4 37. Nb5 Ra5 38. Nd4 Rxc5 39. Nxe6 Ra5 0-1

[Event "World Corporate East B"]
[Site "Chess.com INT"]
[Date "2021.02.20"]
[Round "5.2"]
[White "Lapcevic, Milos"]
[Black "Magalashvili, Davit"]
[Result "0-1"]
[WhiteElo "2371"]
[BlackElo "2456"]
[PlyCount "72"]
[EventDate "2021.02.19"]
[EventType "team (rapid)"]
[EventRounds "7"]
[EventCountry "USA"]
[SourceTitle "EXT 2022"]
[Source "ChessBase"]
[SourceDate "2021.10.06"]
[SourceVersion "1"]
[SourceVersionDate "2021.10.06"]
[SourceQuality "1"]
[WhiteTeam "Erste Group"]
[BlackTeam "Khareba"]
[WhiteTeamCountry "AUT"]
[BlackTeamCountry "GEO"]

1. d4 Nf6 2. c4 c5 3. d5 g6 4. Nc3 Bg7 5. e4 0-0 6. Be2 d6 7. Bg5 a6 8. Nf3 b5 9. cxb5 axb5 10. Bxb5 Nxe4 11. Nxe4 Qa5+ 12. Nc3 Bxc3+ 13. bxc3 Qxb5 14. Qe2 Qxe2+ 15. Kxe2 Ba6+ 16. Kd1 f6 17. Bh6 Re8 18. Nd2 Nd7 19. Rb1 Ne5 20. h4 Bd3 21. Rb2 Ra3 22. Rh3 Bf5 23. Rg3 Nd3 24. Rb7 Rxa2 25. Ke2 Ne5 26. Bf4 Nc4 27. Bh6 g5 28. hxg5 Rxd2+ 29. Ke1 Rd3 30. gxf6+ Rxg3 31. fxg3 Kf7 32. Bg5 Kg6 33. Rxe7 Rxe7+ 34. fxe7 Kf7 35. Ke2 Be4 36. g4 Bxg2 0-1

[Event "World Corporate East B"]
[Site "Chess.com INT"]
[Date "2021.02.19"]
[Round "3.3"]
[White "Lapcevic, Milos"]
[Black "Vasilov, Artur"]
[Result "0-1"]
[WhiteElo "2371"]
[BlackElo "2266"]
[PlyCount "86"]
[EventDate "2021.02.19"]
[EventType "team (rapid)"]
[EventRounds "7"]
[EventCountry "USA"]
[SourceTitle "EXT 2022"]
[Source "ChessBase"]
[SourceDate "2021.10.06"]
[SourceVersion "1"]
[SourceVersionDate "2021.10.06"]
[SourceQuality "1"]
[WhiteTeam "Erste Group"]
[BlackTeam "Yandex"]
[WhiteTeamCountry "AUT"]
[BlackTeamCountry "RUS"]

1. d4 Nf6 2. c4 e6 3. Nc3 Bb4 4. e3 b6 5. Nge2 Bb7 6. a3 Be7 7. d5 0-0 8. Ng3 d6 9. Be2 c6 10. e4 cxd5 11. cxd5 exd5 12. exd5 Re8 13. 0-0 Nbd7 14. Bf4 Bf8 15. Re1 a6 16. Qd4 b5 17. h4 Qb6 18. Qd2 Nc5 19. Rad1 b4 20. axb4 Qxb4 21. Bg5 Nfd7 22. h5 h6 23. Be3 Nb3 24. Qc2 Rac8 25. Nf5 Nf6 26. Bf3 Re5 27. Nd4 Nxd4 28. Rxd4 Rc4 29. Red1 Nxh5 30. Bxh5 Rxh5 31. Qe2 Rh4 32. R4d2 Rcg4 33. g3 Bc8 34. Kg2 Qb7 35. Bd4 Rg6 36. Qe8 Bh3+ 37. Kg1 Bd7 38. Qd8 Rh5 39. Re1 Qc8 40. Qxc8 Bxc8 41. Re8 Bd7 42. Rd8 Bg4 43. Be3 Bf3 0-1

[Event "AUT-chT 1920"]
[Site "Austria"]
[Date "2019.10.12"]
[Round "3.3"]
[White "Baenziger, Fabian"]
[Black "Lapcevic, Milos"]
[Result "1/2-1/2"]
[WhiteElo "2378"]
[BlackElo "2385"]
[PlyCount "120"]
[EventDate "2019.10.10"]
[EventType "team-tourn"]
[EventRounds "11"]
[EventCountry "AUT"]
[SourceTitle "EXT 2020"]
[Source "ChessBase"]
[SourceDate "2019.10.17"]
[SourceVersion "1"]
[SourceVersionDate "2019.10.17"]
[SourceQuality "1"]
[WhiteTeam "Hohenems"]
[BlackTeam "Wien Ottakring"]
[WhiteTeamCountry "AUT"]
[BlackTeamCountry "AUT"]

1. Nf3 c5 2. g3 b6 3. Bg2 Bb7 4. c4 Nf6 5. 0-0 e6 6. Nc3 Be7 7. d4 cxd4 8. Qxd4 0-0 9. b3 d6 10. Bb2 a6 11. Rad1 Nbd7 12. Rfe1 Qc7 13. e4 Ne5 14. Nd2 Rfd8 15. Nf1 Rab8 16. Ne3 Bf8 17. Qd2 Bc6 18. Nc2 Qa7 19. Nd4 Ba8 20. h3 Nfd7 21. Kh2 Nc6 22. Nxc6 Bxc6 23. Qe3 Qa8 24. Ne2 e5 25. f4 b5 26. c5 Nxc5 27. fxe5 Bxe4 28. Bxe4 Qxe4 29. Qxe4 Nxe4 30. e6 Rbc8 31. Nd4 d5 32. Re2 Re8 33. exf7+ Kxf7 34. Nf5 Nf6 35. Red2 Ne4 36. Rg2 Red8 37. Ne3 Nc3 38. Rf2+ Ke6 39. Re1 Ne4 40. Rfe2 Re8 41. Rd1 Kf7 42. Kg2 Nf6 43. Kf3 Rc6 44. Bd4 Bb4 45. Rd3 Re4 46. Rf2 Rce6 47. Rc2 Kg6 48. Ng2 Bd6 49. Rc6 Bb8 50. Rc8 Nd7 51. Nh4+ Kf7 52. Nf5 Be5 53. Rd8 Nf6 54. Bxe5 R6xe5 55. Ne3 Re6 56. Nxd5 Nxd5 57. R8xd5 Re2 58. Rd2 R6e3+ 59. Kf4 Re4+ 60. Kf3 R4e3+ 1/2-1/2

[Event "BL2-Ost 1819"]
[Site "Germany"]
[Date "2019.03.24"]
[Round "10.7"]
[White "Eichner, Sebastian"]
[Black "Lapcevic, Milos"]
[Result "0-1"]
[WhiteElo "2361"]
[BlackElo "2397"]
[PlyCount "152"]
[EventDate "2018.11.10"]
[EventType "team-tourn"]
[EventRounds "10"]
[EventCountry "GER"]
[SourceTitle "CBM 190 Extra"]
[Source "ChessBase"]
[SourceDate "2019.07.15"]
[SourceVersion "1"]
[SourceVersionDate "2019.07.15"]
[SourceQuality "1"]
[WhiteTeam "Aue Nickelhuette"]
[BlackTeam "Muenchen SC"]
[WhiteTeamCountry "GER"]
[BlackTeamCountry "GER"]

1. d4 Nf6 2. c4 e6 3. Nc3 Bb4 4. e3 0-0 5. Bd3 d5 6. Nf3 b6 7. 0-0 Bb7 8. cxd5 exd5 9. Qc2 a6 10. Ne5 c5 11. Bd2 Nc6 12. Nb1 Bxd2 13. Nxc6 Bxc6 14. Nxd2 c4 15. Rac1 Rc8 16. Bf5 Bd7 17. Rfd1 Re8 18. Qb1 b5 19. Bc2 Bc6 20. Nf3 Qd6 21. Ne5 Bb7 22. b3 Rb8 23. h3 g6 24. a4 Nd7 25. axb5 axb5 26. bxc4 bxc4 27. Nxd7 Qxd7 28. Qa1 Bc6 29. Rb1 Ra8 30. Qb2 Qd6 31. Ra1 Rab8 32. Qc3 Qb4 33. Ra3 Kf8 34. Kf1 Qxc3 35. Rxc3 f5 36. Ra1 Rb2 37. Ke2 Ra8 38. Rxa8+ Bxa8 39. Kd2 Ra2 40. Kc1 Ke7 41. Kb1 Ra6 42. Kb2 Rb6+ 43. Kc1 Ra6 44. Bb1 Kd6 45. Rc2 Bc6 46. Rb2 Kc7 47. Rb4 Ra5 48. Kd2 Bd7 49. Kc3 Ra3+ 50. Kb2 Ra5 51. f3 Bc6 52. g4 fxg4 53. hxg4 Ra8 54. Kc3 Ra3+ 55. Kd2 c3+ 56. Kc1 Ba4 57. Bc2 Ra1+ 58. Rb1 Rxb1+ 59. Bxb1 Kd6 60. g5 Bb3 61. Bc2 Bc4 62. Kd1 Ke6 63. Ke1 Kd6 64. Kf2 Kc6 65. f4 Kb5 66. f5 gxf5 67. Bxf5 Kb4 68. Bxh7 Kb3 69. Kf3 Kb2 70. Bf5 c2 71. Bxc2 Kxc2 72. e4 Kd3 73. e5 Bb5 74. Kf4 Bd7 75. g6 Kxd4 76. g7 Be6 0-1

[Event "BL2-Ost 1819"]
[Site "Germany"]
[Date "2019.02.03"]
[Round "6.6"]
[White "Lapcevic, Milos"]
[Black "Promyshlyanskiy, Vitaliy"]
[Result "1/2-1/2"]
[WhiteElo "2397"]
[BlackElo "2285"]
[PlyCount "47"]
[EventDate "2018.11.10"]
[EventType "team-tourn"]
[EventRounds "10"]
[EventCountry "GER"]
[SourceTitle "CBM 190 Extra"]
[Source "ChessBase"]
[SourceDate "2019.07.15"]
[SourceVersion "1"]
[SourceVersionDate "2019.07.15"]
[SourceQuality "1"]
[WhiteTeam "Muenchen SC"]
[BlackTeam "Nuernberg NT"]
[WhiteTeamCountry "GER"]
[BlackTeamCountry "GER"]

1. d4 Nf6 2. c4 g6 3. Nc3 Bg7 4. e4 0-0 5. Be2 d6 6. Bg5 Na6 7. Nf3 h6 8. Be3 e5 9. 0-0 c6 10. d5 c5 11. Ne1 Qe7 12. a3 Nd7 13. Qd2 Kh7 14. Nd3 f5 15. exf5 gxf5 16. f4 e4 17. Nf2 Nc7 18. b4 b6 19. Rab1 Ba6 20. Rfd1 Rg8 21. Na4 cxb4 22. axb4 b5 23. cxb5 Bxb5 24. Rdc1 1/2-1/2

[Event "SRB-chT"]
[Site "Valjevo"]
[Date "2018.09.03"]
[Round "4.5"]
[White "Lapcevic, Milos"]
[Black "Ivic, Velimir"]
[Result "1/2-1/2"]
[WhiteElo "2368"]
[BlackElo "2456"]
[PlyCount "81"]
[EventDate "2018.08.31"]
[EventType "team-tourn"]
[EventRounds "11"]
[EventCountry "SRB"]
[SourceTitle "CBM 186 Extra"]
[Source "ChessBase"]
[SourceDate "2018.08.24"]
[SourceVersion "1"]
[SourceVersionDate "2018.08.24"]
[SourceQuality "1"]
[WhiteTeam "Pancevo Gligoric"]
[BlackTeam "Belgrade Itaka"]
[WhiteTeamCountry "SRB"]
[BlackTeamCountry "SRB"]

1. d4 Nf6 2. c4 g6 3. Nc3 Bg7 4. e4 d6 5. Be2 0-0 6. Bg5 c5 7. d5 h6 8. Be3 e6 9. Qd2 exd5 10. exd5 Kh7 11. h4 Ng4 12. Bf4 Re8 13. Nf3 a6 14. h5 g5 15. Nxg5+ hxg5 16. Bxg5 Bf6 17. Bxf6 Qxf6 18. 0-0-0 Qh6 19. Bxg4 Bxg4 20. f3 Bc8 21. Ne4 Qxd2+ 22. Rxd2 Rxe4 23. fxe4 Nd7 24. Rf2 Ne5 25. Rf6 Bd7 26. g4 Rg8 27. Rg1 Bxg4 28. Rxd6 Nxc4 29. Rf6 Bxh5 30. Rxg8 Kxg8 31. b3 Kg7 32. Rf5 Bg6 33. bxc4 Bxf5 34. exf5 b5 35. a4 b4 36. Kd2 Kf8 37. f6 Ke8 38. a5 Kd7 39. Kd3 Kd6 40. Ke4 Kd7 41. Kd3 1/2-1/2

[Event "SRB-chT"]
[Site "Valjevo"]
[Date "2018.08.31"]
[Round "1.4"]
[White "Tosic, Miroslav"]
[Black "Lapcevic, Milos"]
[Result "1/2-1/2"]
[WhiteElo "2363"]
[BlackElo "2368"]
[PlyCount "35"]
[EventDate "2018.08.31"]
[EventType "team-tourn"]
[EventRounds "11"]
[EventCountry "SRB"]
[SourceTitle "CBM 186 Extra"]
[Source "ChessBase"]
[SourceDate "2018.08.24"]
[SourceVersion "1"]
[SourceVersionDate "2018.08.24"]
[SourceQuality "1"]
[WhiteTeam "Kraljevo Sloga Turist"]
[BlackTeam "Pancevo Gligoric"]
[WhiteTeamCountry "SRB"]
[BlackTeamCountry "SRB"]

1. d4 Nf6 2. Nf3 e6 3. e3 c5 4. Bd3 b6 5. 0-0 Bb7 6. c4 Be7 7. Nc3 cxd4 8. exd4 d5 9. cxd5 Nxd5 10. Ne5 0-0 11. Qg4 f5 12. Qe2 Nd7 13. Nc6 Bxc6 14. Qxe6+ Kh8 15. Qxc6 Nb4 16. Qf3 Ne5 17. dxe5 Qd4 18. Rd1 1/2-1/2

[Event "Oberliga Bayern 1718"]
[Site "Bayern"]
[Date "2017.11.12"]
[Round "2.4"]
[White "Lapcevic, Milos"]
[Black "Dey, Jan Marten"]
[Result "1-0"]
[WhiteElo "2361"]
[BlackElo "2233"]
[PlyCount "83"]
[EventDate "2017.10.22"]
[EventType "team-tourn"]
[EventRounds "9"]
[EventCountry "GER"]
[SourceTitle "EXT 2020"]
[Source "ChessBase"]
[SourceDate "2019.10.17"]
[SourceVersion "1"]
[SourceVersionDate "2019.10.17"]
[SourceQuality "1"]
[WhiteTeam "Muenchen 36"]
[BlackTeam "Schweinfurt"]
[WhiteTeamCountry "GER"]
[BlackTeamCountry "GER"]

1. d4 b5 2. e4 Bb7 3. Nd2 a6 4. b3 e6 5. Bb2 Nf6 6. Bd3 c5 7. Ngf3 Nc6 8. c3 Qc7 9. 0-0 d6 10. Rc1 e5 11. d5 Nb8 12. a4 bxa4 13. b4 Nbd7 14. Qxa4 Be7 15. bxc5 Qxc5 16. Nb3 Qc7 17. c4 0-0 18. Bc3 Nc5 19. Nxc5 Qxc5 20. Bb4 Qc7 21. Ba5 Qc8 22. c5 dxc5 23. Nxe5 Qe8 24. Qc2 Nd7 25. Nc4 f5 26. Rb1 Ra7 27. d6 Bf6 28. exf5 Qh5 29. Be4 Bxe4 30. Qxe4 Bd4 31. Ne3 Nf6 32. Qe6+ Kh8 33. Bc7 Qe8 34. Rb8 Qxb8 35. Bxb8 Rxb8 36. Nd5 Re8 37. Ne7 Rd7 38. Rb1 h6 39. Rb6 a5 40. Ng6+ Kh7 41. Qxe8 Nxe8 42. Nf8+ 1-0

[Event "SRB-chT"]
[Site "Ruma"]
[Date "2017.09.01"]
[Round "1.3"]
[White "Lapcevic, Milos"]
[Black "Oparin, Grigoriy"]
[Result "0-1"]
[WhiteElo "2358"]
[BlackElo "2616"]
[PlyCount "98"]
[EventDate "2017.09.01"]
[EventType "team-tourn"]
[EventRounds "11"]
[EventCountry "SRB"]
[SourceTitle "CBM 180 Extra"]
[Source "ChessBase"]
[SourceDate "2017.10.06"]
[SourceVersion "1"]
[SourceVersionDate "2017.10.06"]
[SourceQuality "1"]
[WhiteTeam "Pancevo Gligoric"]
[BlackTeam "Belgrade Itaka"]
[WhiteTeamCountry "SRB"]
[BlackTeamCountry "SRB"]

1. d4 f5 2. c4 Nf6 3. Nf3 g6 4. g3 Bg7 5. Bg2 0-0 6. 0-0 d6 7. Nc3 c6 8. Rb1 Ne4 9. Qc2 Qe8 10. Rd1 h6 11. d5 Nxc3 12. bxc3 c5 13. Ne1 Nd7 14. Nd3 Nb6 15. Nf4 Nxc4 16. Ne6 Bxe6 17. dxe6 Nb6 18. c4 Rb8 19. Rb5 Qc8 20. g4 Kh8 21. gxf5 gxf5 22. Bd5 Nxd5 23. cxd5 c4 24. Kh1 a6 25. Rb1 c3 26. Rb4 Qc5 27. Rf4 Rf6 28. Be3 Qb5 29. Qxc3 Qxe2 30. Qd3 Qxd3 31. Rxd3 b5 32. Bd4 Rff8 33. Rh3 Bxd4 34. Rxd4 Kg7 35. Rdh4 Rf6 36. Rc3 Rg6 37. Rh5 Rg5 38. Rg3 Rxg3 39. hxg3 Kg6 40. Rh4 b4 41. Rd4 a5 42. Kg2 a4 43. Rd2 b3 44. axb3 axb3 45. Rb2 f4 46. gxf4 Kf5 47. Kf3 Rb4 48. Ke3 h5 49. f3 h4 0-1

[Event "Oberliga Bayern 1617"]
[Site "Bayern"]
[Date "2017.02.19"]
[Round "6.3"]
[White "Lapcevic, Milos"]
[Black "Blaskowski, Johannes"]
[Result "1-0"]
[WhiteElo "2325"]
[BlackElo "2261"]
[PlyCount "99"]
[EventDate "2016.10.16"]
[EventType "team-tourn"]
[EventRounds "9"]
[EventCountry "GER"]
[SourceTitle "EXT 2019"]
[Source "ChessBase"]
[SourceDate "2018.10.10"]
[SourceVersion "1"]
[SourceVersionDate "2018.10.10"]
[SourceQuality "1"]
[WhiteTeam "Muenchen 36"]
[BlackTeam "Pang/Rosenheim"]
[WhiteTeamCountry "GER"]
[BlackTeamCountry "GER"]

1. d4 b5 2. e4 Bb7 3. Bd3 e6 4. Nf3 a6 5. 0-0 Nf6 6. Nbd2 d5 7. Qe2 dxe4 8. Nxe4 Nbd7 9. Rd1 Be7 10. c3 0-0 11. Bf4 Nxe4 12. Bxe4 Bxe4 13. Qxe4 Nf6 14. Qc6 Nd5 15. Bg3 Qe8 16. Ne5 Bd6 17. Qxe8 Rfxe8 18. Nc6 Ne7 19. Na5 Rab8 20. Rac1 Kf8 21. a3 Red8 22. Kf1 Bxg3 23. hxg3 Rd5 24. b4 Rh5 25. f4 g5 26. Kf2 gxf4 27. gxf4 Nd5 28. Kf3 Rh4 29. g3 Rh2 30. c4 bxc4 31. Nxc4 Kg7 32. Rd2 Rxd2 33. Nxd2 h5 34. Nc4 Rb5 35. Ne3 a5 36. Rc5 Rxc5 37. dxc5 axb4 38. Nxd5 exd5 39. axb4 Kf8 40. b5 Ke7 41. b6 cxb6 42. cxb6 Kd6 43. Ke3 Kc6 44. Kd4 Kxb6 45. Kxd5 Kc7 46. Ke5 Kd7 47. Kf6 Ke8 48. Kg5 Ke7 49. Kxh5 Kf6 50. Kh6 1-0

[Event "Oberliga Bayern 1617"]
[Site "Bayern"]
[Date "2017.01.15"]
[Round "4.2"]
[White "Seuffert, Gabriel"]
[Black "Lapcevic, Milos"]
[Result "1/2-1/2"]
[WhiteElo "2276"]
[BlackElo "2325"]
[PlyCount "120"]
[EventDate "2016.10.16"]
[EventType "team-tourn"]
[EventRounds "9"]
[EventCountry "GER"]
[SourceTitle "EXT 2019"]
[Source "ChessBase"]
[SourceDate "2018.10.10"]
[SourceVersion "1"]
[SourceVersionDate "2018.10.10"]
[SourceQuality "1"]
[WhiteTeam "Schweinfurt"]
[BlackTeam "Muenchen 36"]
[WhiteTeamCountry "GER"]
[BlackTeamCountry "GER"]

1. c4 c5 2. g3 Nf6 3. Bg2 e6 4. Nf3 Be7 5. 0-0 0-0 6. d4 cxd4 7. Nxd4 a6 8. Nc3 Qc7 9. Qd3 Nc6 10. b3 b6 11. Bf4 Qb7 12. Rfd1 Bc5 13. Nc2 Qa7 14. b4 Bxb4 15. Nxb4 Nxb4 16. Qf3 Nc6 17. Bg5 Ne8 18. Be7 Nxe7 19. Qxa8 Qc7 20. Qe4 d5 21. Qe3 Qxc4 22. Rac1 Qb4 23. Rb1 Qa5 24. Rdc1 b5 25. Qc5 Qd8 26. a4 Bd7 27. axb5 axb5 28. Nxb5 Bxb5 29. Rxb5 Nd6 30. Rb6 Nc4 31. Rb7 Nf5 32. e4 Ncd6 33. Rb4 Nxe4 34. Bxe4 dxe4 35. Rxe4 Qd2 36. Rec4 Rd8 37. Qb6 h5 38. R4c2 Qd5 39. Rc5 Qd2 40. R5c2 Qd5 41. Rc5 Qd2 42. Qxd8+ Qxd8 43. Rc8 Qxc8 44. Rxc8+ Kh7 45. f4 g6 46. Kf2 Kg7 47. Kf3 Nh6 48. h3 Nf5 49. g4 hxg4+ 50. hxg4 Ne7 51. Re8 Nd5 52. g5 Nc3 53. Rd8 Nd5 54. Ke4 Ne7 55. Re8 Nc6 56. Ra8 Ne7 57. Ke5 Nc6+ 58. Kd6 Nb4 59. Rc8 Nd5 60. Ke5 Ne7 1/2-1/2

[Event "Oberliga Bayern 1617"]
[Site "Bayern"]
[Date "2016.12.04"]
[Round "3.3"]
[White "De Francesco, Klaus"]
[Black "Lapcevic, Milos"]
[Result "1/2-1/2"]
[WhiteElo "2190"]
[BlackElo "2325"]
[PlyCount "52"]
[EventDate "2016.10.16"]
[EventType "team-tourn"]
[EventRounds "9"]
[EventCountry "GER"]
[SourceTitle "EXT 2019"]
[Source "ChessBase"]
[SourceDate "2018.10.10"]
[SourceVersion "1"]
[SourceVersionDate "2018.10.10"]
[SourceQuality "1"]
[WhiteTeam "Weilheim"]
[BlackTeam "Muenchen 36"]
[WhiteTeamCountry "GER"]
[BlackTeamCountry "GER"]

1. d4 Nf6 2. c4 e6 3. Nf3 b6 4. g3 Ba6 5. Nbd2 Bb4 6. Qa4 c5 7. a3 Bxd2+ 8. Bxd2 cxd4 9. Bg2 Bb7 10. 0-0 0-0 11. Nxd4 Bxg2 12. Kxg2 Qc8 13. Rac1 a6 14. Rfd1 Qb7+ 15. f3 Rc8 16. Bg5 Ne8 17. Qb3 h6 18. Be3 d6 19. Qd3 Nd7 20. b4 Rc7 21. Nb3 Rac8 22. Bd4 e5 23. Bb2 e4 24. Qd4 exf3+ 25. exf3 Ne5 26. Nd2 Rc6 1/2-1/2

[Event "Oberliga Bayern 1617"]
[Site "Bayern"]
[Date "2016.11.20"]
[Round "2.3"]
[White "Lapcevic, Milos"]
[Black "Eichinger, Christoph"]
[Result "0-1"]
[WhiteElo "2325"]
[BlackElo "2132"]
[PlyCount "116"]
[EventDate "2016.10.16"]
[EventType "team-tourn"]
[EventRounds "9"]
[EventCountry "GER"]
[SourceTitle "EXT 2019"]
[Source "ChessBase"]
[SourceDate "2018.10.10"]
[SourceVersion "1"]
[SourceVersionDate "2018.10.10"]
[SourceQuality "1"]
[WhiteTeam "Muenchen 36"]
[BlackTeam "Kareth Lappersdorf"]
[WhiteTeamCountry "GER"]
[BlackTeamCountry "GER"]

1. d4 d5 2. c4 c6 3. Nf3 Nf6 4. Nc3 dxc4 5. a4 Bf5 6. e3 e6 7. Bxc4 Bb4 8. 0-0 0-0 9. Nh4 a5 10. h3 Qe7 11. Qf3 Bg6 12. Nxg6 hxg6 13. e4 Nfd7 14. e5 Nb6 15. Bb3 c5 16. dxc5 Bxc5 17. Ne4 Bd4 18. Qf4 Qb4 19. Ra3 N8d7 20. Bd2 Qe7 21. Ng5 Bxe5 22. Qh4 Nf6 23. Re1 Nbd7 24. f4 Bxb2 25. Ra2 Bd4+ 26. Kh1 Qc5 27. Re2 Qb6 28. Bc4 Rfc8 29. Rxe6 fxe6 30. Bxe6+ Kf8 31. Qh8+ Ke7 32. Qxg7+ Kd6 33. Qxg6 Kc7 34. Qf5 Kb8 35. Ra3 Qd6 36. Rd3 Nc5 37. Rxd4 Qxd4 38. Bxc8 Nce4 39. Nxe4 Nxe4 40. Be1 Nd6 41. Qe6 Nxc8 42. f5 Qf4 43. Bc3 Qc1+ 44. Be1 Ra6 45. Qe5+ Qc7 46. Qe3 Qf7 47. Bg3+ Ka8 48. Qc3 Nd6 49. f6 Qd7 50. Qe5 Qd8 51. Bh4 Nf7 52. Qh5 Qd7 53. Kg1 Rd6 54. Qxa5+ Ra6 55. Qb5 Qxb5 56. axb5 Rb6 57. g4 Rxb5 58. Kg2 Kb8 0-1

[Event "SRB-chT"]
[Site "Kragujevac"]
[Date "2016.10.01"]
[Round "10.4"]
[White "Zajic, Milan"]
[Black "Lapcevic, Milos"]
[Result "1/2-1/2"]
[WhiteElo "2483"]
[BlackElo "2372"]
[PlyCount "80"]
[EventDate "2016.09.22"]
[EventType "team-tourn"]
[EventRounds "11"]
[EventCountry "SRB"]
[SourceTitle "CBM 174 Extra"]
[Source "ChessBase"]
[SourceDate "2016.10.10"]
[SourceVersion "1"]
[SourceVersionDate "2016.10.10"]
[SourceQuality "1"]
[WhiteTeam "Jelica PEP"]
[BlackTeam "Svetozar Gligoric"]
[WhiteTeamCountry "SRB"]
[BlackTeamCountry "SRB"]

1. e4 c5 2. Nf3 d6 3. Bb5+ Nd7 4. c3 Ngf6 5. Qe2 a6 6. Ba4 b5 7. Bc2 e5 8. 0-0 Be7 9. d4 0-0 10. Rd1 Qc7 11. a4 Rb8 12. axb5 axb5 13. b3 Re8 14. d5 Nf8 15. Na3 Bd7 16. Bd3 Qb7 17. Ne1 g6 18. g3 Nh5 19. Bd2 Bf6 20. Ra2 Bg7 21. Rda1 f5 22. f3 f4 23. g4 Nf6 24. c4 b4 25. Nb5 Bxb5 26. Ra7 Qc8 27. cxb5 N6d7 28. Qf2 Nb6 29. Bf1 Bf6 30. Kh1 Rb7 31. Nd3 Rxa7 32. Rxa7 Qb8 33. Ra6 Nfd7 34. Nb2 g5 35. Qe1 Bd8 36. Qa1 Re7 37. Ra7 Nf8 38. Ra6 Nfd7 39. Ra7 Nf8 40. Ra6 Rb7 1/2-1/2

[Event "SRB-chT"]
[Site "Kragujevac"]
[Date "2016.09.28"]
[Round "7.5"]
[White "Saric, Sinisa"]
[Black "Lapcevic, Milos"]
[Result "1/2-1/2"]
[WhiteElo "2422"]
[BlackElo "2372"]
[PlyCount "99"]
[EventDate "2016.09.22"]
[EventType "team-tourn"]
[EventRounds "11"]
[EventCountry "SRB"]
[SourceTitle "CBM 174 Extra"]
[Source "ChessBase"]
[SourceDate "2016.10.10"]
[SourceVersion "1"]
[SourceVersionDate "2016.10.10"]
[SourceQuality "1"]
[WhiteTeam "Novi Sad DDOR"]
[BlackTeam "Svetozar Gligoric"]
[WhiteTeamCountry "SRB"]
[BlackTeamCountry "SRB"]

1. d4 Nf6 2. c4 e6 3. Nc3 Bb4 4. Qc2 c5 5. dxc5 Qc7 6. Nf3 Na6 7. Bd2 Nxc5 8. g3 0-0 9. Bg2 Bxc3 10. Bxc3 Nce4 11. 0-0 Nxc3 12. Qxc3 a6 13. c5 b6 14. Ne5 Bb7 15. cxb6 Qxb6 16. Nc4 Qc7 17. Bxb7 Qxb7 18. Nd6 Qb6 19. Rfd1 Nd5 20. Qa3 f5 21. e4 fxe4 22. Nxe4 Rab8 23. Rd2 Rbc8 24. Qa4 Rc6 25. Rad1 h6 26. Qd4 Qxd4 27. Rxd4 Rc2 28. R1d2 Rxd2 29. Nxd2 Rb8 30. b3 Kf7 31. Ra4 Nc7 32. Rc4 Rb7 33. Ne4 Ke7 34. Nc5 Ra7 35. Nd3 d6 36. f4 Kd7 37. Kf2 Nd5 38. Kf3 Rc7 39. Rxc7+ Kxc7 40. Nc1 Kc6 41. Ke4 Nf6+ 42. Kd4 Ng4 43. h3 Nf2 44. h4 h5 45. Ne2 Ng4 46. a3 Nh6 47. Kc4 Nf5 48. Nd4+ Nxd4 49. Kxd4 g6 50. Kc4 1/2-1/2

[Event "SRB-chT"]
[Site "Kragujevac"]
[Date "2016.09.24"]
[Round "3.6"]
[White "Lapcevic, Milos"]
[Black "Todorovic, Goran M"]
[Result "0-1"]
[WhiteElo "2372"]
[BlackElo "2458"]
[PlyCount "66"]
[EventDate "2016.09.22"]
[EventType "team-tourn"]
[EventRounds "11"]
[EventCountry "SRB"]
[SourceTitle "CBM 174 Extra"]
[Source "ChessBase"]
[SourceDate "2016.10.10"]
[SourceVersion "1"]
[SourceVersionDate "2016.10.10"]
[SourceQuality "1"]
[WhiteTeam "Svetozar Gligoric"]
[BlackTeam "Sloven Ruma"]
[WhiteTeamCountry "SRB"]
[BlackTeamCountry "SRB"]

1. d4 d5 2. c4 e6 3. Nf3 Nf6 4. Bg5 h6 5. Bh4 dxc4 6. Nc3 c6 7. a4 Bb4 8. e4 g5 9. Bg3 Nxe4 10. Rc1 b5 11. Be2 Nd7 12. 0-0 Nxg3 13. fxg3 a6 14. Qd2 g4 15. Nh4 Qg5 16. Qc2 f5 17. Kh1 Nf6 18. Na2 Bd6 19. b3 Ne4 20. Bxg4 Qxg4 21. Nc3 cxb3 22. Qd3 bxa4 23. Nxf5 exf5 24. Nxe4 fxe4 25. Qc4 Bd7 26. d5 c5 27. Rce1 Kd8 28. Qc3 Rf8 29. Rxf8+ Bxf8 30. Qa5+ Ke8 31. Qc7 Qf5 32. g4 Qxd5 33. Qf4 Bc6 0-1

[Event "SRB-chT"]
[Site "Kragujevac"]
[Date "2016.09.22"]
[Round "1.5"]
[White "Lapcevic, Milos"]
[Black "Vratonjic, Slobodan"]
[Result "1/2-1/2"]
[WhiteElo "2372"]
[BlackElo "2417"]
[PlyCount "50"]
[EventDate "2016.09.22"]
[EventType "team-tourn"]
[EventRounds "11"]
[EventCountry "SRB"]
[SourceTitle "CBM 174 Extra"]
[Source "ChessBase"]
[SourceDate "2016.10.10"]
[SourceVersion "1"]
[SourceVersionDate "2016.10.10"]
[SourceQuality "1"]
[WhiteTeam "Svetozar Gligoric"]
[BlackTeam "Metalac"]
[WhiteTeamCountry "SRB"]
[BlackTeamCountry "SRB"]

1. d4 Nf6 2. c4 e6 3. Nc3 Bb4 4. e3 0-0 5. Nge2 d5 6. a3 Be7 7. cxd5 Nxd5 8. Bd2 Nd7 9. g3 c5 10. Nxd5 exd5 11. Bg2 cxd4 12. Nxd4 Nf6 13. Bb4 Bxb4+ 14. axb4 Bg4 15. Qa4 Qd6 16. 0-0 a6 17. Rfc1 Rac8 18. b5 Bd7 19. Qa5 axb5 20. Nxb5 Bxb5 21. Qxb5 b6 22. Qa6 Rc5 23. Rxc5 Qxc5 24. Qa7 h5 25. Rd1 Rc8 1/2-1/2